| 000 | 00714nam a2200241 i 4500 | ||
|---|---|---|---|
| 001 | 5941 | ||
| 003 | ES-MaACL | ||
| 007 | t| | ||
| 008 | 890616s1989 sp ||||1| spa d | ||
| 020 | _a8486181283 | ||
| 080 | _a86-14"19" | ||
| 080 | _a86(Mayoral Muñoz,I.7 H.01) | ||
| 100 | 0 |
_aMayoral Muñoz, Irene, _d1930- _979430 |
|
| 245 | 1 | 0 |
_aHuellas en la soledad / _cIrene Mayoral Muñoz. |
| 260 |
_aMadrid : _bAndromeda, _cD.L. 1989. |
||
| 300 |
_a149 p. ; _c21 cm. |
||
| 490 | 1 |
_aAcuario ; _v15 |
|
| 830 | 0 | 0 |
_aAcuario (Editorial Andrómeda) ; _v15 _9236552 |
| 852 |
_aES-MaACL _jB-6929 _bR.116685 _z. - rust. |
||
| 852 |
_aES-MaACL _jB-6927 _bR.116686 |
||
| 942 | _2udc | ||
| 999 |
_c5941 _d5941 |
||